[Event "Adygea rapid op"]
[Site "Maikop"]
[Date "2019.05.02"]
[Round "4"]
[White "Shibaev, Fyodor"]
[Black "Ivanova Skripova, Tatiana"]
[Result "1/2-1/2"]
[WhiteElo "2289"]
[BlackElo "2127"]
[PlyCount "110"]
[EventDate "2019.05.02"]
[EventType "swiss (rapid)"]
[EventRounds "9"]
[EventCountry "RUS"]
[SourceTitle "CBM 190 Extra"]
[Source "ChessBase"]
[SourceDate "2019.07.15"]
[SourceVersion "1"]
[SourceVersionDate "2019.07.15"]
[SourceQuality "1"]

1. f4 d5 2. Nf3 Nf6 3. e3 g6 4. c4 c6 5. Nc3 Bg7 6. Be2 0-0 7. 0-0 Nbd7 8. d4 dxc4 9. Bxc4 b5 10. Bb3 Nb6 11. Ne5 Bb7 12. f5 Nfd5 13. fxg6 hxg6 14. Nxf7 Rxf7 15. Rxf7 Kxf7 16. e4 e6 17. exd5 exd5 18. Ne4 Nc4 19. Bg5 Qd7 20. Qf3+ Qf5 21. Bxc4 Bxd4+ 22. Kh1 Qxf3 23. gxf3 bxc4 24. Nd6+ Ke6 25. Nxb7 Rb8 26. Na5 Rxb2 27. Re1+ Kf5 28. h4 Bc3 29. Nxc4 dxc4 30. Rc1 Bd4 31. Rxc4 c5 32. Ra4 Rb7 33. Kg2 Rc7 34. Kf1 c4 35. Ke2 Bb6 36. Kd2 Rd7+ 37. Kc2 Rd3 38. f4 Rd4 39. Kc3 Re4 40. Rxc4 Rxc4+ 41. Kxc4 Bc7 42. Kb5 Bxf4 43. Be7 Be3 44. a4 Bd2 45. a5 Kg4 46. a6 Be3 47. Kc6 Bf2 48. Kb7 Be3 49. Bd6 Kxh4 50. Bb8 g5 51. Bxa7 Bxa7 52. Kxa7 g4 53. Kb7 g3 54. a7 g2 55. a8Q g1Q 1/2-1/2

[Event "South FR-ch"]
[Site "Armavir"]
[Date "2012.03.??"]
[Round "2"]
[White "Shibaev, Fyodor"]
[Black "Esipenko, Andrey"]
[Result "0-1"]
[WhiteElo "2336"]
[BlackElo "2100"]
[PlyCount "116"]
[EventDate "2012.03.11"]
[EventType "swiss"]
[EventRounds "9"]
[EventCountry "RUS"]
[SourceTitle "EXT 2023"]
[Source "ChessBase"]
[SourceDate "2022.10.05"]
[SourceVersion "1"]
[SourceVersionDate "2022.10.05"]
[SourceQuality "1"]

1. f4 Nf6 2. b3 g6 3. Bb2 Bg7 4. Nf3 0-0 5. e3 d5 6. c4 c5 7. Be2 Nc6 8. 0-0 d4 9. exd4 Ne8 10. Na3 cxd4 11. d3 Nd6 12. Nc2 Nf5 13. Qc1 a5 14. a3 e5 15. fxe5 Nxe5 16. Nxe5 Bxe5 17. Qe1 Qd6 18. g3 h5 19. Qf2 h4 20. gxh4 Ne3 21. Rfc1 Bh3 22. c5 Qd7 23. Ra2 Rae8 24. Nxe3 dxe3 25. Qf3 Bxb2 26. Rxb2 Qd4 27. Rbc2 Be6 28. Qe4 Qd7 29. Qa4 Qd5 30. Rc4 Bh3 31. Re4 Bd7 32. Qd4 Bc6 33. Qxd5 Bxd5 34. Rxe8 Rxe8 35. b4 f5 36. b5 f4 37. Bg4 Kf7 38. h3 Re7 39. Kh2 Ke8 40. Rf1 e2 41. Re1 f3 42. Kg3 Re3 43. h5 Kf7 44. a4 Rxd3 45. hxg6+ Kxg6 46. Bd7 Rd1 47. Kf2 Kg5 48. c6 Kf4 49. cxb7 Bxb7 50. Bg4 Rd4 51. Rg1 Rxa4 52. Bd7 e1Q+ 53. Rxe1 Ra2+ 54. Kf1 Kg3 55. Re5 Ra1+ 56. Re1 Rxe1+ 57. Kxe1 f2+ 58. Ke2 Bf3+ 0-1

[Event "South FR-ch"]
[Site "Armavir"]
[Date "2012.03.??"]
[Round "8"]
[White "Shibaev, Fyodor"]
[Black "Nezamyatin, Ruslan"]
[Result "0-1"]
[WhiteElo "2336"]
[BlackElo "2176"]
[PlyCount "64"]
[EventDate "2012.03.11"]
[EventType "swiss"]
[EventRounds "9"]
[EventCountry "RUS"]
[SourceTitle "EXT 2023"]
[Source "ChessBase"]
[SourceDate "2022.10.05"]
[SourceVersion "1"]
[SourceVersionDate "2022.10.05"]
[SourceQuality "1"]

1. f4 d5 2. Nf3 g6 3. e3 Bg7 4. Be2 Nf6 5. 0-0 0-0 6. b3 Ne4 7. c3 c5 8. Qe1 d4 9. Ne5 Nc6 10. Nxc6 bxc6 11. Bb2 Nd6 12. Bf3 Qb6 13. Kh1 a5 14. exd4 cxd4 15. Qxe7 Ba6 16. Rg1 Nf5 17. Qe4 Rac8 18. Re1 Nd6 19. Qc2 d3 20. Qc1 Rfe8 21. Na3 a4 22. Rxe8+ Rxe8 23. Qg1 Qb7 24. Qc5 Ne4 25. Bxe4 Rxe4 26. b4 Re2 27. Rd1 Bf8 28. Qg5 c5 29. f5 Qe4 30. h3 Re1+ 31. Rxe1 Qxe1+ 32. Kh2 Bd6+ 0-1

[Event "Voronezh op-A 15th"]
[Site "Voronezh"]
[Date "2011.06.18"]
[Round "6"]
[White "Tomnikova, Lidia"]
[Black "Shibaev, Fyodor"]
[Result "1/2-1/2"]
[WhiteElo "2127"]
[BlackElo "2378"]
[PlyCount "106"]
[EventDate "2011.06.12"]
[EventType "swiss"]
[EventRounds "9"]
[EventCountry "RUS"]
[SourceTitle "CBM 143 Extra"]
[Source "ChessBase"]
[SourceDate "2011.08.29"]
[SourceVersion "1"]
[SourceVersionDate "2011.08.29"]
[SourceQuality "1"]

1. e4 c5 2. Nf3 Nc6 3. Nc3 Nf6 4. e5 Ng4 5. Qe2 d6 6. exd6 Qxd6 7. Ne4 Qd5 8. c4 Qh5 9. Nd6+ Kd8 10. Nxc8 Rxc8 11. a3 e5 12. h3 Bd6 13. Qd3 Kc7 14. Be2 e4 15. Qxe4 Nf6 16. Qc2 Rhe8 17. d3 Re7 18. 0-0 Rce8 19. Bd1 Qf5 20. Rb1 Nd7 21. Be3 Nde5 22. b4 Nxf3+ 23. Bxf3 Nd4 24. Bxd4 Qf4 25. g3 Qxf3 26. bxc5 Be5 27. Bxe5+ Rxe5 28. d4 Re2 29. Qb3 Qxb3 30. Rxb3 Rc2 31. Rfb1 Rb8 32. Re1 Rxc4 33. Re7+ Kc6 34. Rxf7 Rxd4 35. Rxg7 h5 36. Rc3 Rf8 37. Rg6+ Kc7 38. c6 Rd2 39. Rg7+ Kb6 40. Rxb7+ Ka6 41. Rc4 Ka5 42. Rcb4 a6 43. Re7 Rf5 44. g4 hxg4 45. hxg4 Rc5 46. c7 Rc1+ 47. Kg2 Rxf2+ 48. Kxf2 Rf1+ 49. Ke3 Rf3+ 50. Ke4 Rf4+ 51. Ke5 Rf5+ 52. Ke6 Re5+ 53. Kd7 Rxe7+ 1/2-1/2

[Event "Voronezh op-A 15th"]
[Site "Voronezh"]
[Date "2011.06.15"]
[Round "4"]
[White "Zakharchenko, Arnold"]
[Black "Shibaev, Fyodor"]
[Result "1-0"]
[WhiteElo "2192"]
[BlackElo "2378"]
[PlyCount "68"]
[EventDate "2011.06.12"]
[EventType "swiss"]
[EventRounds "9"]
[EventCountry "RUS"]
[SourceTitle "CBM 143 Extra"]
[Source "ChessBase"]
[SourceDate "2011.08.29"]
[SourceVersion "1"]
[SourceVersionDate "2011.08.29"]
[SourceQuality "1"]

1. Nf3 c5 2. c4 Nc6 3. Nc3 Nf6 4. e3 d6 5. d4 Bg4 6. d5 Ne5 7. Be2 Nxf3+ 8. Bxf3 Qd7 9. Bxg4 Nxg4 10. 0-0 g6 11. h3 Ne5 12. Qe2 g5 13. f4 gxf4 14. exf4 Ng6 15. Ne4 Bg7 16. f5 Bd4+ 17. Be3 Ne5 18. Bxd4 cxd4 19. Rad1 0-0-0 20. Rxd4 f6 21. c5 Kb8 22. Kh1 dxc5 23. Nxc5 Qd6 24. Qb5 Qb6 25. Qxb6 axb6 26. Ne4 Nf7 27. d6 Nxd6 28. Nxd6 Rxd6 29. Rxd6 exd6 30. Re1 d5 31. Re6 Kc7 32. Kh2 Rd8 33. Rxf6 Ra8 34. Rh6 Rf8 1-0

[Event "Voronezh op-A 15th"]
[Site "Voronezh"]
[Date "2011.06.13"]
[Round "2"]
[White "Gabrielian, Artur"]
[Black "Shibaev, Fyodor"]
[Result "1-0"]
[WhiteElo "2546"]
[BlackElo "2378"]
[PlyCount "91"]
[EventDate "2011.06.12"]
[EventType "swiss"]
[EventRounds "9"]
[EventCountry "RUS"]
[SourceTitle "CBM 143 Extra"]
[Source "ChessBase"]
[SourceDate "2011.08.29"]
[SourceVersion "1"]
[SourceVersionDate "2011.08.29"]
[SourceQuality "1"]

1. d4 Nf6 2. c4 e6 3. Nc3 Bb4 4. e3 c5 5. Bd3 Nc6 6. Nf3 d5 7. 0-0 dxc4 8. Bxc4 0-0 9. a3 cxd4 10. exd4 Be7 11. Re1 Bd7 12. Qd3 Rc8 13. Ba2 Qa5 14. Bg5 Rfd8 15. d5 Be8 16. Qe2 exd5 17. Bxf6 Bxf6 18. Nxd5 Qc5 19. b4 Qf8 20. Nxf6+ gxf6 21. Qe3 Bd7 22. b5 Re8 23. Qf4 Ne5 24. Qxf6 Nxf3+ 25. Qxf3 Bxb5 26. Qxb7 Bc6 27. Qxa7 Qg7 28. g3 Qf6 29. Rxe8+ Rxe8 30. Rc1 Re2 31. Qb8+ Kg7 32. Qf4 Qxf4 33. gxf4 Bf3 34. h3 h5 35. a4 Re4 36. Bd5 Rxf4 37. Bxf3 Rxf3 38. Ra1 Rf6 39. a5 Ra6 40. Kg2 Kf6 41. f4 Kf5 42. Kf3 h4 43. Ra4 Ke6 44. Kg4 Kf6 45. Kxh4 Kf5 46. Kg3 1-0

[Event "Voronezh op-A 15th"]
[Site "Voronezh"]
[Date "2011.06.12"]
[Round "1"]
[White "Shibaev, Fyodor"]
[Black "Redikultsev, Boris"]
[Result "1-0"]
[WhiteElo "2378"]
[BlackElo "2084"]
[PlyCount "55"]
[EventDate "2011.06.12"]
[EventType "swiss"]
[EventRounds "9"]
[EventCountry "RUS"]
[SourceTitle "CBM 143 Extra"]
[Source "ChessBase"]
[SourceDate "2011.08.29"]
[SourceVersion "1"]
[SourceVersionDate "2011.08.29"]
[SourceQuality "1"]

1. e4 c6 2. d4 d5 3. e5 Bf5 4. Nf3 e6 5. Be3 Nd7 6. c4 dxc4 7. Bxc4 Nb6 8. Bb3 Ne7 9. Nc3 Ned5 10. 0-0 Be7 11. Bc2 Bg6 12. Ne4 0-0 13. a3 Rc8 14. b4 Kh8 15. Nc5 Bxc5 16. bxc5 Nxe3 17. fxe3 Nd5 18. Bxg6 hxg6 19. Qe1 g5 20. Qg3 Nxe3 21. Nxg5 Nf5 22. Rxf5 Qxd4+ 23. Rf2 Qxa1+ 24. Rf1 Qd4+ 25. Kh1 Kg8 26. Qh3 Rfd8 27. Qh7+ Kf8 28. Rxf7+ 1-0

[Event "Yuzhny FO-ch op"]
[Site "Armavir"]
[Date "2011.03.15"]
[Round "4"]
[White "Shibaev, Fyodor"]
[Black "Oganian, Miran"]
[Result "1-0"]
[WhiteElo "2364"]
[BlackElo "2208"]
[PlyCount "63"]
[EventDate "2011.03.12"]
[EventType "swiss"]
[EventRounds "9"]
[EventCountry "RUS"]
[SourceTitle "CBM 141 Extra"]
[Source "ChessBase"]
[SourceDate "2011.05.03"]
[SourceVersion "1"]
[SourceVersionDate "2011.05.03"]
[SourceQuality "1"]

1. f4 g6 2. Nf3 Bg7 3. c4 c6 4. Nc3 d5 5. e3 Nf6 6. Be2 0-0 7. 0-0 Nbd7 8. cxd5 cxd5 9. d4 b6 10. b3 Bb7 11. Ba3 Ne8 12. Rc1 Ndf6 13. Ne5 Nd6 14. Nb5 Nfe4 15. Qc2 Rc8 16. Qb2 a6 17. Rxc8 Nxc8 18. Nc3 Ncd6 19. Rc1 Bxe5 20. dxe5 Nf5 21. Nxe4 dxe4 22. Qc3 b5 23. Rd1 Qb8 24. g4 Rc8 25. Bc5 Nh4 26. Rd7 Nf3+ 27. Bxf3 exf3 28. e6 Re8 29. Bxe7 Bd5 30. Rxd5 Rxe7 31. Qd4 Re8 32. Rd7 1-0

[Event "Yuzhny FO-ch op"]
[Site "Armavir"]
[Date "2010.03.??"]
[Round "6"]
[White "Shibaev, Fyodor"]
[Black "Pushkov, Nikolai"]
[Result "1/2-1/2"]
[WhiteElo "2332"]
[BlackElo "2487"]
[PlyCount "84"]
[EventDate "2010.03.??"]
[EventType "swiss"]
[EventRounds "9"]
[EventCountry "RUS"]
[SourceTitle "CBM 135 Extra"]
[Source "ChessBase"]
[SourceDate "2010.05.04"]
[SourceVersion "1"]
[SourceVersionDate "2010.05.04"]
[SourceQuality "1"]

1. e4 e6 2. d4 d5 3. Nd2 c5 4. exd5 exd5 5. Ngf3 Nf6 6. Bb5+ Bd7 7. Qe2+ Be7 8. 0-0 0-0 9. dxc5 Re8 10. Nb3 Bxc5 11. Qd3 Bb6 12. Bg5 Bxb5 13. Qxb5 Nbd7 14. Rfe1 Qc7 15. c3 Re4 16. Nbd4 Rae8 17. h3 h6 18. Bd2 a6 19. Qf1 Nc5 20. Be3 Na4 21. Rab1 Bc5 22. Nc2 b5 23. Bxc5 Qxc5 24. Nd2 Rxe1 25. Nxe1 Ne4 26. Nxe4 dxe4 27. Nc2 Rd8 28. Qe1 f5 29. a3 Qd5 30. Nb4 Qd6 31. Qe2 Nc5 32. Nc2 Qd2 33. Re1 Ne6 34. Ne3 f4 35. Nf1 Qxe2 36. Rxe2 Nc5 37. Nd2 e3 38. fxe3 fxe3 39. Nf1 Nd3 40. Nxe3 Re8 41. Kf1 Nxb2 42. Rxb2 Rxe3 1/2-1/2

[Event "RUS-ch zt qual 62nd"]
[Site "Armavir"]
[Date "2009.03.??"]
[Round "9"]
[White "Gorkavij, Vadim"]
[Black "Shibaev, Fyodor"]
[Result "1-0"]
[WhiteElo "2327"]
[BlackElo "2355"]
[PlyCount "52"]
[EventDate "2009.03.21"]
[EventType "swiss"]
[EventRounds "9"]
[EventCountry "RUS"]
[SourceTitle "EXT 2022"]
[Source "ChessBase"]
[SourceDate "2021.10.06"]
[SourceVersion "1"]
[SourceVersionDate "2021.10.06"]
[SourceQuality "1"]

1. e4 c5 2. Nf3 Nc6 3. d4 cxd4 4. Nxd4 Nf6 5. Nc3 d6 6. Bc4 e6 7. Be3 a6 8. a4 Bd7 9. 0-0 Rc8 10. Qe2 Be7 11. Rad1 Qc7 12. Nxc6 Bxc6 13. Bd3 0-0 14. f4 Qa5 15. f5 e5 16. Rf3 d5 17. exd5 Nxd5 18. Nxd5 Bxd5 19. Rh3 g6 20. Qg4 e4 21. fxg6 hxg6 22. Kh1 Bf6 23. Qf4 Bxb2 24. Qh6 Rfd8 25. Qh7+ Kf8 26. Bh6+ Ke8 1-0

[Event "Doroshkevich Memorial op"]
[Site "Maikop"]
[Date "2008.05.27"]
[Round "4"]
[White "Shibaev, Fyodor"]
[Black "Inozemtsev, Arsen"]
[Result "1-0"]
[WhiteElo "2323"]
[BlackElo "2124"]
[PlyCount "87"]
[EventDate "2008.05.24"]
[EventType "swiss"]
[EventRounds "9"]
[EventCountry "RUS"]
[SourceTitle "CBM 124 Extra"]
[Source "ChessBase"]
[SourceDate "2008.07.03"]
[SourceVersion "1"]
[SourceVersionDate "2008.07.03"]
[SourceQuality "1"]

1. e4 e5 2. Nf3 Nc6 3. Bb5 a6 4. Bxc6 dxc6 5. Nc3 f6 6. d4 exd4 7. Nxd4 c5 8. Nde2 Qxd1+ 9. Nxd1 Be6 10. Bf4 0-0-0 11. Ne3 h5 12. h3 Bd6 13. Bxd6 Rxd6 14. Nf4 Ne7 15. f3 Bf7 16. Rd1 g5 17. Nd3 c4 18. Nc1 Rhd8 19. Ne2 Rb6 20. Rxd8+ Kxd8 21. Nd1 Nc6 22. Kd2 Ke7 23. Kc3 Kd6 24. Ne3 Kc5 25. Rd1 Na7 26. a4 Rd6 27. Rxd6 cxd6 28. Nxc4 Nc6 29. Ne3 b5 30. axb5 axb5 31. Nc1 b4+ 32. Kd2 Be6 33. Nd3+ Kb5 34. f4 Nd4 35. fxg5 fxg5 36. Nxb4 Nb3+ 37. cxb3 Kxb4 38. Nc2+ Kc5 39. Kc3 d5 40. Nd4 Bd7 41. e5 h4 42. b4+ Kb6 43. e6 Be8 44. Nf5 1-0

[Event "Soukhumi op"]
[Site "Soukhumi"]
[Date "2007.08.10"]
[Round "7"]
[White "Shibaev, Fyodor"]
[Black "Ovetchkin, Roman"]
[Result "0-1"]
[WhiteElo "2298"]
[BlackElo "2557"]
[PlyCount "56"]
[EventDate "2007.08.03"]
[EventType "swiss"]
[EventRounds "9"]
[EventCountry "RUS"]
[SourceTitle "EXT 2009"]
[Source "ChessBase"]
[SourceDate "2008.11.26"]
[SourceVersion "1"]
[SourceVersionDate "2008.11.26"]
[SourceQuality "1"]

1. e4 c6 2. d4 d5 3. Nd2 dxe4 4. Nxe4 Bf5 5. Ng3 Bg6 6. Nf3 Nd7 7. h4 h6 8. h5 Bh7 9. Bd3 Bxd3 10. Qxd3 e6 11. Bf4 Qa5+ 12. Bd2 Bb4 13. Ne4 Ngf6 14. Nd6+ Ke7 15. Nc4 Bxd2+ 16. Nfxd2 Qc7 17. 0-0-0 Rhd8 18. f4 c5 19. Ne5 cxd4 20. Ndf3 Rac8 21. Rd2 Qa5 22. Qa3+ Qxa3 23. bxa3 Nxe5 24. fxe5 Ne4 25. Rxd4 Rxd4 26. Nxd4 Nf2 27. Rh4 Nd3+ 28. Kb1 Nxe5 0-1

[Event "Soukhumi op"]
[Site "Soukhumi"]
[Date "2007.08.03"]
[Round "1"]
[White "Shibaev, Fyodor"]
[Black "Kretov, Evgenij"]
[Result "0-1"]
[WhiteElo "2298"]
[BlackElo "2138"]
[PlyCount "66"]
[EventDate "2007.08.03"]
[EventType "swiss"]
[EventRounds "9"]
[EventCountry "RUS"]
[SourceTitle "EXT 2009"]
[Source "ChessBase"]
[SourceDate "2008.11.26"]
[SourceVersion "1"]
[SourceVersionDate "2008.11.26"]
[SourceQuality "1"]

1. e4 c5 2. Nf3 Nc6 3. Bb5 a6 4. Bxc6 dxc6 5. 0-0 Qc7 6. e5 Bg4 7. Re1 f5 8. exf6 gxf6 9. d3 0-0-0 10. Nbd2 e5 11. Qe2 Ne7 12. Ne4 Nf5 13. Be3 Nh4 14. Kh1 f5 15. Nf6 Bxf3 16. gxf3 f4 17. Bd2 Qg7 18. Ng4 h5 19. Bc3 Bd6 20. Bxe5 Bxe5 21. Qxe5 Qg8 22. Qxf4 hxg4 23. Re7 Rd7 24. Rxd7 Kxd7 25. Qxg4+ Kc7 26. Rg1 Qd5 27. Rg3 Nf5 28. Qf4+ Kb6 29. Rg5 Rf8 30. b4 Ka7 31. Kg2 cxb4 32. Qxb4 Ne3+ 33. fxe3 Qxf3+ 0-1

[Event "RUS South Region-ch op"]
[Site "Belorechensk"]
[Date "2005.06.??"]
[Round "?"]
[White "Karabakhtsian, Adroniks"]
[Black "Shibaev, Fyodor"]
[Result "1-0"]
[WhiteElo "2145"]
[BlackElo "2302"]
[PlyCount "67"]
[EventDate "2005.06.??"]
[EventType "swiss"]
[EventRounds "9"]
[EventCountry "RUS"]
[SourceTitle "EXT 2007"]
[Source "ChessBase"]
[SourceDate "2006.11.23"]
[SourceVersion "1"]
[SourceVersionDate "2006.11.23"]
[SourceQuality "1"]

1. Nf3 c5 2. g3 Nc6 3. d4 cxd4 4. Nxd4 d5 5. Bg2 e5 6. Nxc6 bxc6 7. c4 Bb4+ 8. Kf1 Ne7 9. cxd5 Nxd5 10. Qa4 0-0 11. Qxc6 Be6 12. Nd2 Rc8 13. Qa4 Qc7 14. e4 Bg4 15. Kg1 Ne3 16. fxe3 Qd6 17. Nf3 Bd7 18. Qb3 Be6 19. Qa4 Rc4 20. h3 Bc5 21. Qa5 Rc2 22. Kh2 Bb4 23. Qxe5 Qd3 24. Qd4 Qe2 25. Rg1 Qxf3 26. Qxb4 Rd8 27. Qe7 Rdc8 28. Qh4 Rf2 29. Qf4 Qe2 30. Qh4 f6 31. g4 Rc2 32. Qg3 h6 33. b3 Bd7 34. Ba3 1-0

[Event "Krasnodar South Region-ch"]
[Site "Krasnodar"]
[Date "2005.02.??"]
[Round "?"]
[White "Shibaev, Fyodor"]
[Black "Pogosian, Samvel"]
[Result "1-0"]
[WhiteElo "2302"]
[BlackElo "2263"]
[PlyCount "53"]
[EventDate "2005.02.??"]
[EventType "swiss"]
[EventRounds "9"]
[EventCountry "RUS"]
[SourceTitle "EXT 2006"]
[Source "ChessBase"]
[SourceDate "2005.11.24"]
[SourceVersion "1"]
[SourceVersionDate "2005.11.24"]
[SourceQuality "1"]

1. e4 Nf6 2. e5 Nd5 3. d4 d6 4. Nf3 dxe5 5. Nxe5 Nd7 6. Nxf7 Kxf7 7. Qh5+ Ke6 8. c4 N5f6 9. d5+ Kd6 10. Qf5 Nc5 11. Bf4+ e5 12. Bxe5+ Ke7 13. Qf4 Kf7 14. Bxc7 Qe8+ 15. Kd1 g5 16. Qxg5 Nce4 17. Qf4 Bh6 18. Qxh6 Nxf2+ 19. Kd2 Nxh1 20. Be2 Bf5 21. Nc3 Nf2 22. Bh5+ Bg6 23. Rf1 N2e4+ 24. Kc1 Nxc3 25. Rxf6+ Kxf6 26. Qf4+ Ke7 27. Bd6+ 1-0